000 00535nam a2200217Ia 4500
003 OSt
005 20231027154122.0
008 210327s9999||||xx |||||||||||||| ||und||
040 _cSTCPL
041 _aENG
082 _a512
_bFRA-F
100 _aAllen, Frank B. ...[et al. ]
245 0 _aFirst course in algebra
_cby Frank B. Allen ...[et al. ]
260 _aLondon :
_bYale University Press ,
_c1961.
300 _a245
_bHB
650 _aAlgebra
650 _aMathematics
942 _cBK
942 _2ddc
942 _2ddc
999 _c80552
_d80552